Statistics for Smallest countries per continent

Click here to take the quiz!

General Stats

  • This quiz has been taken 57 times
  • The average score is 15 of 20

Answer Stats

ContinentPercentageCountry% Correct
Europe0.00000481335%Vatican City
98%
Europe0.00059921414%San Marino
94%
Europe0.00001964636%Monaco
88%
Oceania0.00023333333%Nauru
87%
Europe0.00157170923%Liechtenstein
83%
North America0.00174430369%Barbados
81%
North America0.00157432514%Saint Vincent and
the Grenadines
81%
Europe0.00310412573%Malta
79%
North America0.00105629527%Saint Kitts and Nevis
79%
Asia0.00163305592%Singapore
79%
North America0.00249301873%Saint Lucia
77%
Oceania0.00028888888%Tuvalu
77%
North America0.00178882188%Antigua and Barbuda
71%
Asia0.00176316202%Bahrain
71%
North America0.00303937836%Dominica
71%
North America0.00139220526%Grenada
71%
Asia0.0006729626%Maldives
63%
Oceania0.00201111111%Marshall Islands
63%
Africa0.00318740387%São Tomé and príncipe
63%
Africa0.00149450883%Seychelles
58%

Score Distribution

Percentile by Number Answered

Percent of People with Each Score

Your Score History

You have not taken this quiz